Identidad y transformación. La adecuación litúrgica de las Iglesias. X Congreso Litúrgico Internacional (Bose, 31 de mayo - 2 de junio de 2012) (Record no. 420987)
[ view plain ]
| 000 -CABECERA | |
|---|---|
| Campo de control de longitud fija | 00444nab a22001097u 4500 |
| 008 - CÓDIGOS DE INFORMACIÓN DE LONGITUD FIJA | |
| Campo de control de longitud fija | 130520b2012 xxu||||| |||| 00| 0 spa d |
| 041 ## - CÓDIGO DE LENGUA | |
| Código de lengua del texto/banda sonora o título independiente | spa |
| 100 1# - PUNTO DE ACCESO PRINCIPAL-NOMBRE DE PERSONA | |
| Nombre de persona | Pablos, Juan de |
| 9 (RLIN) | 85555 |
| 245 00 - MENCIÓN DE TÍTULO | |
| Título | Identidad y transformación. La adecuación litúrgica de las Iglesias. X Congreso Litúrgico Internacional (Bose, 31 de mayo - 2 de junio de 2012) |
| Mención de responsabilidad, etc. | Juan de Pablos |
| 773 0# - ENLACE AL DOCUMENTO FUENTE | |
| Título | Phase |
| Parte(s) relacionada(s) | V.52, nº310,2012,págs. 382-383 |
| Número Internacional Normalizado para Publicaciones Seriadas (ISSN) | 0210-3877 |
| Número de control del registro relacionado | Rev324 |
| 942 ## - ENTRADA DE ELEMENTOS AGREGADOS (KOHA) | |
| Koha [por defecto] tipo de item | Artículos de revista |
| Suprimido | Perdido | Estropeado | No para préstamo | Localización permanente | Localización actual | Localización en estantería | Fecha adquisición | Préstamos totales | Fecha última consulta | Fecha del precio de reemplazo | Tipo de item de Koha |
|---|---|---|---|---|---|---|---|---|---|---|---|
| San Esteban | San Esteban | Depósito de revistas | 21/05/2013 | 21/05/2013 | 21/05/2013 | Artículos de revista |
